Tragický osud humoristu Slovensko XX. storočia: Ľudia a osudy - Ladislav Ján Kalina

Bibliographic Details
Main Author: Marušiak, Juraj, 1970- (Author)
Format: Article
Language:Slovak
Subjects:

MARC

LEADER 00000nab a2200000 a 4500
001 vtls000921857
003 SK-MaSNL
005 20260304230940.0
008 040720e19990807xo 0 slo
035 |a KE30734 
040 |a KEVKJB  |b slo  |c KEVKJB  |e AACR2 
041 0 |a slo 
044 |a xo  |c SK 
080 |a 82  |2 1981 
080 |a 929  |2 1981 
100 1 |a Marušiak, Juraj,  |d 1970-  |4 aut  |9 110184 
245 1 0 |a Tragický osud humoristu  |b Slovensko XX. storočia: Ľudia a osudy - Ladislav Ján Kalina 
600 1 7 |a Kalina, Ján Ladislav,  |d 1913-1981  |2 KEVKJB  |9 163395 
773 0 8 |t Pravda  |g Roč. 9, č.181, 7.8.1999, s. 14 
852 |a ZVYKNI  |b KIS3GCP 
999 |c 3186203  |d 3188133